[Event "EU-ch rapid"]
[Site "Warsaw"]
[Date "2013.12.15"]
[Round "10"]
[White "Maiorov, Nikita"]
[Black "Herman, Jean"]
[Result "1/2-1/2"]
[WhiteElo "2552"]
[BlackElo "2230"]
[PlyCount "93"]
[EventDate "2013.12.14"]
[EventType "swiss (rapid)"]
[EventRounds "11"]
[EventCountry "POL"]
[SourceTitle "CBM 157 Extra"]
[Source "ChessBase"]
[SourceDate "2013.12.19"]
[SourceVersion "1"]
[SourceVersionDate "2013.12.19"]
[SourceQuality "1"]

1. d4 d5 2. c4 c6 3. Nc3 Nf6 4. e3 e6 5. Nf3 Nbd7 6. Qc2 Bd6 7. b3 0-0 8. Bb2 Qe7 9. Be2 e5 10. 0-0-0 e4 11. Nd2 b5 12. cxb5 cxb5 13. Nxb5 Ba6 14. Nc3 Bxe2 15. Nxe2 Rfc8 16. Nc3 a5 17. a4 Nb8 18. Ndb1 Na6 19. Qe2 Nb4 20. Rd2 Qb7 21. Kd1 Nd3 22. Nb5 Bb4 23. Bc3 Bxc3 24. N1xc3 Rxc3 25. Nxc3 Qxb3+ 26. Rc2 Nb4 27. Kc1 Rc8 28. Rb2 Nd3+ 29. Qxd3 Rxc3+ 30. Qxc3 Qxc3+ 31. Kb1 Qd3+ 32. Ka2 g6 33. Rc1 Kg7 34. Rc7 Ne8 35. Rc5 Nd6 36. Rb3 Qd2+ 37. Rb2 Qd3 38. Rb3 Qd1 39. Rxa5 Nc4 40. Rab5 Qc2+ 41. Ka1 Qc1+ 42. Ka2 Qc2+ 43. Ka1 Qc1+ 44. Ka2 Qc2+ 45. Ka1 Qc1+ 46. Ka2 Qc2+ 47. Ka1 1/2-1/2

[Event "EU-ch rapid"]
[Site "Warsaw"]
[Date "2013.12.14"]
[Round "3"]
[White "Herman, Jean"]
[Black "Kulaots, Kaido"]
[Result "0-1"]
[WhiteElo "2230"]
[BlackElo "2558"]
[PlyCount "96"]
[EventDate "2013.12.14"]
[EventType "swiss (rapid)"]
[EventRounds "11"]
[EventCountry "POL"]
[SourceTitle "CBM 157 Extra"]
[Source "ChessBase"]
[SourceDate "2013.12.19"]
[SourceVersion "1"]
[SourceVersionDate "2013.12.19"]
[SourceQuality "1"]

1. d4 g6 2. c4 Bg7 3. Nc3 d6 4. e4 e5 5. d5 f5 6. exf5 gxf5 7. Qh5+ Kf8 8. Nf3 Nf6 9. Qh4 Na6 10. Bh6 Qe7 11. 0-0-0 Bxh6+ 12. Qxh6+ Qg7 13. Qxg7+ Kxg7 14. Nh4 Bd7 15. Bd3 e4 16. Bc2 Ng4 17. Rdf1 Rhf8 18. b3 Nb4 19. Ne2 Nxa2+ 20. Kb1 Nb4 21. Nd4 c5 22. dxc6 bxc6 23. h3 Ne5 24. g4 Nxc2 25. Kxc2 fxg4 26. hxg4 Bxg4 27. Rhg1 Kh8 28. Nxc6 Be2 29. Nxe5 dxe5 30. Ra1 Rxf2 31. Rg2 e3 32. Kc3 Rg8 33. Rxg8+ Kxg8 34. Rxa7 Bg4 35. Re7 Rh2 36. Rxe5 Rxh4 37. Rxe3 Rh3 38. Rxh3 Bxh3 39. Kd4 Kf7 40. Ke5 Be6 41. Kf4 Kf6 42. Kg3 Kg5 43. Kg2 Kf4 44. Kf2 h5 45. Kg2 h4 46. Kh2 Kg4 47. Kg2 h3+ 48. Kh2 Kh4 0-1

[Event "Gibraltar Masters 10th"]
[Site "Caleta"]
[Date "2012.01.30"]
[Round "7"]
[White "Herman, Jean"]
[Black "Nezad, Husein Aziz"]
[Result "0-1"]
[WhiteElo "2077"]
[BlackElo "2402"]
[PlyCount "86"]
[EventDate "2012.01.24"]
[EventType "swiss"]
[EventRounds "10"]
[EventCountry "GGB"]
[SourceTitle "CBM 147"]
[Source "ChessBase"]
[SourceDate "2012.03.16"]
[SourceVersion "1"]
[SourceVersionDate "2012.03.16"]
[SourceQuality "1"]

1. d4 d5 2. c4 c6 3. Nf3 Nf6 4. Nc3 e6 5. e3 Nbd7 6. Bd3 dxc4 7. Bxc4 b5 8. Bd3 a6 9. 0-0 c5 10. Qe2 Bb7 11. Rd1 Qb8 12. Bc2 Bd6 13. h3 0-0 14. Bd2 Rc8 15. Be1 Bxf3 16. gxf3 cxd4 17. Rxd4 Be5 18. Rdd1 b4 19. Ne4 a5 20. f4 Bxb2 21. Rab1 Ba3 22. Nd6 Rc5 23. Bd3 e5 24. Nb5 e4 25. Nxa3 exd3 26. Qxd3 Qc8 27. Nb5 Nf8 28. f5 Rxf5 29. Nd6 Rg5+ 30. Kh2 Qe6 31. e4 Qxa2 32. Nc4 Rc8 33. Rdc1 b3 34. Rb2 Rxc4 35. Rxa2 Rxc1 36. Re2 b2 37. Rxb2 Rxe1 38. f4 Rgg1 39. Rb8 Rh1+ 40. Kg2 Rhg1+ 41. Kh2 Rd1 42. Qa3 Rh1+ 43. Kg3 Rdg1+ 0-1

[Event "Gibraltar Masters 10th"]
[Site "Caleta"]
[Date "2012.01.28"]
[Round "5"]
[White "Herman, Jean"]
[Black "David, Alberto"]
[Result "0-1"]
[WhiteElo "2077"]
[BlackElo "2598"]
[PlyCount "68"]
[EventDate "2012.01.24"]
[EventType "swiss"]
[EventRounds "10"]
[EventCountry "GGB"]
[SourceTitle "CBM 147"]
[Source "ChessBase"]
[SourceDate "2012.03.16"]
[SourceVersion "1"]
[SourceVersionDate "2012.03.16"]
[SourceQuality "1"]

1. d4 Nf6 2. c4 e6 3. Nf3 b6 4. Nc3 Bb7 5. Bg5 Bb4 6. Nd2 h6 7. Bh4 Bxc3 8. bxc3 d6 9. f3 Nc6 10. e3 Qe7 11. Bd3 0-0-0 12. Qe2 g5 13. Bf2 Nd7 14. a4 a5 15. Rb1 f5 16. Nb3 Rhg8 17. Kd2 Rdf8 18. e4 g4 19. exf5 gxf3 20. gxf3 exf5 21. Rhg1 Qf7 22. Rxg8 Rxg8 23. Rg1 Re8 24. Qd1 Ba6 25. Qf1 Ne7 26. Kc2 Ng6 27. c5 Bxd3+ 28. Qxd3 Nb8 29. cxb6 Nf4 30. b7+ Kd7 31. Rg7 Qxg7 32. Qxf5+ Re6 33. d5 Nxd5 34. Nd4 Qg6 0-1